000 00498nam a2200157 4500
001 109615
003 ES-MaACL
005 20230906184857.0
007 t|
008 061121s1973 sp r ||||1| spa d
100 1 _aOllero Tassara, Andrés.
_986927
245 1 0 _aDerecho y sociedad
_b: dos reflexiones en torno a la filosofía jurídica alemana actual /
_cAndrés Ollero.
260 _aMadrid :
_bEditora Nacional,
_c1973.
300 _a147 p. ;
_c22 cm.
852 _aES-MaACL
_jC-53984
_bR.86864
999 _c109615
_d109615